000 00889cam a2200265 a 4500
001 000005542
005 20200929151715.0
008 990630s1999 sp a b 001 p spa
020 _a8437616859
040 _aDO-SdBNP
_cDLC
_dDLC
082 _a861.3
_bA451ó
100 1 _aAlmogaver Boscán, Juan,
_d1493-1542
_915663
245 1 0 _aObra completa /
_cJuan Boscán ; edición, Carlos Clavería.
260 _aMadrid :
_bCátedra,
_c1999.
300 _a568 p. :
_bil. ;
_c18 cm.
490 1 _aLetras Hispánicas
_v453
504 _aBibliografías p. 25-35 e índice.
600 1 4 _aGARCILASO DE LA VEGA,
_d1539-1616
_915664
650 4 _aPoesía española
_ySIGLO XVI
_xColecciones
_915665
650 4 _aLiteratura española
_9632
700 1 _aClavería Laguarda, Carlos,
_eed.
_915602
830 0 _aLetras hispánicas ;
_v453
_94208
910 _aCatalogación por copia / LC
910 _aWM
999 _c5341
_d5341